Evaluación de riesgos en el área de deshuese y empaque en Industrial Comercial Carnes San Martin S,A

La investigación propone medidas para la prevención y mitigación de riesgos laborales que afecten a la salud y seguridad de los trabajadores, en las áreas de estudio se desarrolló la evaluación de riesgos siguiendo el reglamento técnico de higiene y seguridad del trabajo para la evaluación d...

Full description

Bibliographic Details
Main Authors: Diaz Muñoz, Sofía Eloísa, Jarquín Machado, Liz Grizell, Guadamuz Morales, Hazel Regina
Other Authors: Tutor: Gutiérrez Martínez, Marbel Evaristo
Format: Tesis Section = Libro
Language:Undetermined
Spanish
Published: Managua UNI 2015
Subjects:
LEADER 01304nam a2200277Ia 4500
008 240830s9999 xx 000 0 und d
040 |a BIBLIOTECA-RUPAP Mon 658.38 D542 
041 |a spa 
082 |a Mon 658.38 D542 
100 1 |a Diaz Muñoz, Sofía Eloísa 
100 1 |b  Jarquín Machado, Liz Grizell 
100 1 |c  Guadamuz Morales, Hazel Regina 
245 1 0 |a Evaluación de riesgos en el área de deshuese y empaque en Industrial Comercial Carnes San Martin S,A 
260 |a Managua  |b UNI  |c 2015 
300 |a 2015 p. :il. 
500 |a Contiene: anexos. 
502 |a Tesis (Ingeniero Industrial)- UNI, 2015. 
520 3 |a La investigación propone medidas para la prevención y mitigación de riesgos laborales que afecten a la salud y seguridad de los trabajadores, en las áreas de estudio se desarrolló la evaluación de riesgos siguiendo el reglamento técnico de higiene y seguridad del trabajo para la evaluación de riesgos en los centros de trabajo, diseñado por el ministerio del trabajo. 
650 7 |a HIGIENE Y SEGURIDAD DEL TRABAJO 
650 7 |b RIESGOS LABORALES 
650 7 |c ACCIDENTES LABORALES 
650 7 |d MEDIDAS DE SEGURIDAD EN EL TRABAJO 
700 1 |a Tutor:  |b Gutiérrez Martínez, Marbel Evaristo 
942 |c BK  |2 ddc 
991 |a TESIS 
999 |c 17102